Sprachen A-Z - Statistiken

Allgemein
  • Dieses Quiz wurde 105 mal gespielt
  • Das Durchschnittsergebnis liegt bei 15 aus 26
Antwortstatistiken
Hinweis Sprache % Korrekt
L Sprache die sich durch das römische Reich verbreitete und als liturgische Sprache der Katholischen Kirche verwendet wird Latein
89%
E Meistverstandenste Sprache der Welt, Lingua Franca der Wissenschaft und internationaler Organisationen Englisch
87%
H Liturgische Sprache des Judentums, welche mit der jüdischen Besiedelung Israels als Umgangssprache wiederbelebt wurde Hebräisch
84%
R In kyrillischer Schrift geschriebene Ostslawische Sprache, welche die vereinigende Amtssprache der Sowjetunion war Russisch
82%
I Nordische Sprache, welche als einzige den Buchstaben Þ beinhaltet Isländisch
79%
D Diese nordische Sprache ist anerkannte Minderheitensprache in Schleswig-Holstein Dänisch
78%
G Diese Sprache (in einer veralteten Version) war während der Antike im gesamten östlichen Mittelmeerraum verbreitet und wurde für das Neue Testament verwendet Griechisch
76%
J Diese ostasiatische Sprache wird mit den Systemen Kanji, Hiragana und Katakana verschriftlicht Japanisch
76%
M Einzige semitische Amtssprache der EU, welche auf einem Mittelmeerinselstaat gesprochen wird Maltesisch
74%
V Sprache mit über 80 Millionen Muttersprachlern aus Südostasien Vietnamesisch
73%
U Diese Mitteleuropäische Sprache ist mit dem Finnischem und Estnischen, nicht aber mit benachbarten Sprachen verwandt Ungarisch
70%
A Sprache, die von Jesus gesprochen wurde und heute noch von Assyrischen Christen verwendet wird Aramäisch
69%
W Keltische Sprache, welche seit 2010 wieder Amtsprache in Teilen des Vereinigten Königreiches ist Walisisch
69%
B Diese Sprache von der spanischen und französischen Atlantikküste ist mit keiner anderen europäischen Sprache verwandt Baskisch
66%
Z Meistgesprochene Sprache Südafrikas, Herkunftssprache von Begriffen wie Ubuntu und Impala Zulu
64%
S Weitverbreitete Verkehrssprache in Ostafrika, Amtssprache in Uganda, Tansania, Kenia und Ruanda Swahili
62%
F Amtssprache im Iran und Afghanistan, auch als Persisch bekannt Farsi
60%
P Sprache, die vor allem in Norddeutschland, den Niederlanden und Brasilien gesprochen wird und die Amtssprache der Deutschen Hanse war Plattdeutsch
56%
K Kunstsprache, welche für eine in der Originalserie antagonistische Alienart in Star Trek entwickelt wurde Klingonisch
48%
T Dravidische Sprache in Südindien und Sri Lanka mit eigenem Schriftsystem Tamilisch
47%
X Bantusprache aus Südafrika mit charakteristischen Klicklauten Xhosa
29%
Q Sprache des Inkareiches, heute Amtssprache in Peru, Bolivien und Ecuador Quechua
23%
Y Sprache, die vor allem in Südwest-Nigeria (um Ibadan) und auch in Togo und Benin gesprochen wird Yoruba
18%
N Sprache der Azteken und verbreiteste indigene Sprache Nordamerikas Nahuatl
14%
C Indigene Sprache, welche in Kanada und Montana zwischen den Rocky Mountains und dem Atlantik gesprochen wird. Indigene Sprache mit den zweitmeisten Sprechern nördlich Mexikos Cree
13%
O Von über 40 Millionen Menschen gesprochene Sprache in Äthiopien,die bis zum Sturz Haile Sellassies nicht geschrieben werden durfte Oromo
11%
Keine übereinstimmenden Quizze gefunden
Verteilung der Resultate
Anzahl Personen mit jedem Resultat
Perzentil nach korrekt beantworteten Fragen
Ihre Resultats-Entwicklung
Sie haben dieses Quiz noch nicht gespielt